Scegli la nazione con più turisti - Statistics

Statistiche generali
  • Questo quiz è stato fatto 24 volte
  • Il punteggio medio è 8 su 16
Statistiche sulle risposte
Domanda Risposta % Corretto
Quale tra queste nazioni ha ricevuto più turisti? Barbados
85%
Quale tra queste nazioni ha ricevuto più turisti? Emirati Arabi Uniti
80%
Quale tra queste nazioni ha ricevuto più turisti? Senegal
80%
Quale tra queste nazioni ha ricevuto più turisti? Costa Rica
75%
Quale tra queste nazioni ha ricevuto più turisti? Egitto
65%
Quale tra queste nazioni ha ricevuto più turisti? Giappone
60%
Quale tra queste nazioni ha ricevuto più turisti? Montenegro
55%
Quale tra queste nazioni ha ricevuto più turisti? Uzbekistan
55%
Quale tra queste nazioni ha ricevuto più turisti? Francia
50%
Quale tra queste nazioni ha ricevuto più turisti? Danimarca
40%
Quale tra queste nazioni ha ricevuto più turisti? Messico
30%
Quale tra queste nazioni ha ricevuto più turisti? Polonia
30%
Quale tra queste nazioni ha ricevuto più turisti? Canada
25%
Quale tra queste nazioni ha ricevuto più turisti? Monaco
25%
Quale tra queste nazioni ha ricevuto più turisti? Vanuatu
25%
Quale tra queste nazioni ha ricevuto più turisti? Malesia
5%
Nessun quiz corrispondente trovato
Distribuzione punteggi
Percentuale di utenti per punteggio
Percentile per numero di risposta
I tuoi punteggi nel tempo
Non hai fatto questo quiz